Şymkent International Airport Destinations (Şymkent, Kazakhstan) - Statistics

General Stats
  • This quiz has been taken 18 times
    6 since last reset
  • The average score is 13 of 30
Answer Stats
Airline Destination % Correct
Air Astana/FlyArystan/Qazaq Air/SCAT Airlines Almaty
100%
Pegasus Airlines/Sunday Airlines Antalya
100%
FlyArystan/Qazaq Air/SCAT Airlines Astana
100%
flydubai Dubai (International)
100%
Aeroflot Moscow (Sheremetyevo)
100%
SCAT Airlines Moscow (Vnukovo)
100%
SCAT Airlines Istanbul
83%
Pegasus Airlines Istanbul (Sabiha Gökçen)
83%
FlyArystan Atyrau
67%
FlyArystan/SCAT Airlines Aqtau
50%
SCAT Airlines Cairo
50%
Air Astana Jeddah
50%
S7 Airlines Novosibirsk
50%
SCAT Airlines Ürümqi
50%
FlyArystan/SCAT Airlines Aqtöbe
33%
SCAT Airlines Budapest
33%
SCAT Airlines Petropavl
33%
Sunday Airlines Sharm El Sheikh
33%
SCAT Airlines Bangkok (Suvarnabhumi)
17%
FlyArystan Oral
17%
FlyArystan Öskemen
17%
SCAT Airlines Seoul (Incheon)
17%
SCAT Airlines Xi'an
17%
Qazaq Air Jezqazğan
0%
SCAT Airlines Kökşetau
0%
FlyArystan Kutaisi
0%
SCAT Airlines Munich
0%
Sunday Airlines Phuket
0%
FlyArystan Qostanai
0%
FlyArystan Semei
0%
No matching quizzes found
Score Distribution
Percent of People with Each Score
Percentile by Number Answered
Your Score History
You have not taken this quiz since the last reset